000 00529nam a2200205Ia 4500
008 230125s9999 xx 000 0 und d
020 _a8189410172
041 _aeng
082 _a658.834
_bICF
100 _aICFAI
245 _aCase Studies in Consumer Behavior
260 _c2006
_bICFAI publication
_aHyderabad
300 _a194p
440 _aICFAI
500 _aICFAI Case Studies;Consumer behaviour
650 _aMarketing Management
700 _aICFAI
906 _b112
999 _c85048
_d85048